000 00995nam a22002657a 4500
008 130821s2000 xxua gr eng
020 _a471356328
040 _aCo-BoUCM
_bspa
041 0 0 _aeng
100 1 _aHosmer, David W.
_995070
245 1 0 _aApplied logistic regression
_cDavid W. Hosmer, Stanley Lemeshow
250 _a2nd ed.
260 _aNueva York (Estados Unidos)
_bWiley
_c2000
300 _axii, 375 páginas
_bilustraciones, gráficas
490 0 _aWiley series in probability and statistics.
_pTexts and references section
504 _aIncluye referencias bibliográficas e índice.
650 0 4 _aAnálisis de regresión
_98967
650 0 4 _aEstadística matemática
_914994
650 0 4 _aEstadística
_914984
650 0 4 _aMatemáticas
_919031
700 1 _aLemeshow, Stanley
_995072
856 4 2 _zTabla de Contenido
_uhttp://www.loc.gov/catdir/toc/onix05/00036843.html
942 _cLIBRO
_a25
_e2
_mH827a
_2DEWEY
_h519.536
_n0
999 _c68977
_d68977